SUBJECT teaching in primary education

Պահպանված է:
Մատենագիտական մանրամասներ
Հիմնական հեղինակ: edited by SMITH, Patrick, and Dawes, Lyn
Ձևաչափ: Գիրք
Լեզու:անգլերեն
Հրապարակվել է: SAGE 2014
Ցուցիչներ: Ավելացրեք ցուցիչ
Չկան պիտակներ, Եղեք առաջինը, ով նշում է այս գրառումը!

MARC

LEADER 00000nam a22000007a 4500
008 210615b ||||| |||| 00| 0 eng d
020 |a 978-1-4462-6789-9 
100 |a edited by SMITH, Patrick, and Dawes, Lyn. 
245 |a SUBJECT teaching in primary education  |c edited by Patrick Smith & Lyn Dawes  |g xx, 275p; ill. 
260 |b SAGE  |c 2014  |h Los Angeles  |i 692299   |i 692300  |l LB1570 .Su1  |m Education, Primary – Great Britain.  |m Education, Primary.  |m Primary school teachers – Training of. 
500 |a “It includes references and index” 
942 |a lcc  |c BK  |e YUNUSA, A.A.  |f 15/6/21 
952 |0 0  |1 0  |2 lcc  |4 0  |6 LB1570 S U1  |7 0  |9 2589  |a HOL  |b ED  |c LP  |d 2021-06-15  |l 0  |o LB1570 .Su1  |p 2021-6438  |r 2021-06-15 00:00:00  |w 2021-06-15  |y BK 
952 |0 0  |1 0  |2 lcc  |4 0  |6 LB1570 S U1  |7 0  |9 2590  |a HOL  |b HOL  |c LP  |d 2021-06-15  |l 0  |o LB1570 .Su1  |p 2021-6439  |r 2021-06-15 00:00:00  |w 2021-06-15  |y BK 
999 |c 1356  |d 1356